The voyage of the Frog / (Record no. 1244)

MARC details
000 -LEADER
fixed length control field 01040pam a2200301 a 4500
005 - DATE AND TIME OF LATEST TRANSACTION
control field 20231204142246.0
020 ## - INTERNATIONAL STANDARD BOOK NUMBER
International Standard Book Number 0531058050 :
020 ## - INTERNATIONAL STANDARD BOOK NUMBER
International Standard Book Number 9780545085359
020 ## - INTERNATIONAL STANDARD BOOK NUMBER
International Standard Book Number 0531084051 (lib. bdg.)
040 ## - CATALOGING SOURCE
Original cataloging agency DLC
Transcribing agency DLC
Modifying agency DLC
Language of cataloging eng
050 00 - LIBRARY OF CONGRESS CALL NUMBER
Classification number PZ7.P2843
Item number Vo 2009.
082 00 - DEWEY DECIMAL CLASSIFICATION NUMBER
Classification number [Fic]
Edition number 19
100 1# - MAIN ENTRY--PERSONAL NAME
Personal name Paulsen, Gary
245 14 - TITLE STATEMENT
Title The voyage of the Frog /
Statement of responsibility, etc. Gary Paulsen.
260 ## - PUBLICATION, DISTRIBUTION, ETC.
Place of publication, distribution, etc. New York :
Name of publisher, distributor, etc. Scholastic,
Date of publication, distribution, etc. 2009.
300 ## - PHYSICAL DESCRIPTION
Extent 141 pages :
Other physical details Illustrations, maps ;
Dimensions 20 cm
500 ## - GENERAL NOTE
General note "A Richard Jackson book"--Half t.p.
505 ## - FORMATTED CONTENTS NOTE
Formatted contents note Z
520 ## - SUMMARY, ETC.
Summary, etc. When David goes out on his sailboat to scatter his recently deceased uncle's ashes to the wind, he is caught in a fierce storm and must survive many days on his own as he works out his feelings about life and his uncle.
521 ## - TARGET AUDIENCE NOTE
Target audience note 1020 <br/>
Source Lexile <br/>
521 ## - TARGET AUDIENCE NOTE
Target audience note Z<br/>
Source Raz-Plus <br/>
650 #1 - SUBJECT ADDED ENTRY--TOPICAL TERM
Topical term or geographic name entry element Survival
General subdivision Fiction.
650 #1 - SUBJECT ADDED ENTRY--TOPICAL TERM
Topical term or geographic name entry element Uncles
General subdivision Fiction.
650 #1 - SUBJECT ADDED ENTRY--TOPICAL TERM
Topical term or geographic name entry element Sea stories.
906 ## - LOCAL DATA ELEMENT F, LDF (RLIN)
a 7
b cbc
c orignew
d 1
e ocip
f 19
g y-gencatlg
942 ## - ADDED ENTRY ELEMENTS (KOHA)
Source of classification or shelving scheme Dewey Decimal Classification
Koha item type Books
Suppress in OPAC No
999 ## -
-- 1244
-- 1244
Holdings
Withdrawn status Lost status Source of classification or shelving scheme Damaged status Not for loan Collection Home library Current library Shelving location Date acquired Total Checkouts Full call number Barcode Date last seen Copy number Price effective from Koha item type Date last checked out
    Dewey Decimal Classification     Fiction Footprints International School Library Network Toul Kork Campus Footprints International School Library Network Toul Kork Campus   08/09/2023   PAU Fic PZ7.P2843 FISSE01523 08/09/2023 1 08/09/2023 Books  
    Dewey Decimal Classification     Fiction Footprints International School Library Network Toul Kork Campus Footprints International School Library Network Toul Kork Campus TTP Secondary Fiction Bookshelves 01/05/2024 1 PAU Fic PZ7.P2843 FISSE00468 01/11/2024 2 08/09/2023 Books 01/08/2024
    Dewey Decimal Classification     Fiction Footprints International School Library Network Toul Kork Campus Footprints International School Library Network Toul Kork Campus TTP Secondary Fiction Bookshelves 01/05/2024   PAU Fic PZ7.P2843 FISSE00467 12/04/2024 3 08/09/2023 Books